| 000 | 00784nam a2200217Ii 4500 | ||
|---|---|---|---|
| 003 | JO-AjNU | ||
| 008 | 230605s9999||||xx |||||||||||||| ||und|| | ||
| 017 | _a1995/4599 | ||
| 020 | _a977-05-1363-0 | ||
| 040 |
_aJO-AjNU _bara _erda _cJO-AjNU |
||
| 041 | _aara | ||
| 050 | 1 | 4 | _aDS208.A2822 1996 |
| 100 | 3 |
_aأبو العلا، محمود طه, _eauthor _939140 |
|
| 245 | 0 | 0 | _aجغرافية شبة الجزيرة العربية: دراسة جغرافية عامة، الجزء الأول |
| 264 | 3 | 1 | _aالقاهرة: مكتبة الانجلو المصرية، 1996 |
| 300 | _aج1، 265ص | ||
| 336 |
_atext _btxt _2rdacontent |
||
| 337 |
_aunmediated _bn _2rdamedia |
||
| 338 |
_avolume _bnc _2rdacarrier |
||
| 650 | 4 |
_aشبة الجزيرة العربية-جغرافية _939141 |
|
| 999 |
_aA16505 _c20073 _d20073 |
||